Welcome to the Holygrace Academy Library

Please use search bar below to get started

FAMOUS FIVE GO ON TO MYSTERY MOON (Record no. 9025)

MARC details
000 -LEADER
fixed length control field 00327nam a22001217a 4500
082 ## - DEWEY DECIMAL CLASSIFICATION NUMBER
Classification number 823
Item number BLY/F
100 ## - MAIN ENTRY--AUTHOR NAME
Personal name BLYTON, ENID
245 ## - TITLE STATEMENT
Title FAMOUS FIVE GO ON TO MYSTERY MOON
246 ## - VARYING FORM OF TITLE
Title proper/short title FAMOUS FIVE GO ON TO MYSTERY MOON
Remainder of title FAMOUS FIVE GO ON TO MYSTERY MOON
260 ## - PUBLICATION, DISTRIBUTION, ETC. (IMPRINT)
Place of publication U K
Name of publisher HODDER
Year of publication 1991
650 ## - SUBJECT ADDED ENTRY--TOPICAL TERM
Topical Term ENGLISH STORY
942 ## - ADDED ENTRY ELEMENTS (KOHA)
Koha item type Books
Holdings
Withdrawn status Lost status Collection code Home library Current library Date acquired Source of acquisition Cost, normal purchase price Full call number Accession Number Koha item type
  Missing Fiction Main Library Main Library 08/03/2002 PURCHASED 50.00 823 BLY/F 00063 Books